Catálogo
 En Linea

Nos interesa todo : (Registro nro. 36661)

Detalles MARC
000 -CABECERA
campo de control de longitud fija 00526nam a2200145 a 4500
001 - NÚMERO DE CONTROL
campo de control 000037171
005 - FECHA Y HORA DE LA ÚLTIMA TRANSACCIÓN
campo de control 20200930080203.0
008 - DATOS DE LONGITUD FIJA--INFORMACIÓN GENERAL
campo de control de longitud fija 120222c1984 cu 000 0 spa d
040 ## - FUENTE DE LA CATALOGACIÓN
Centro catalogador/agencia de origen DO-SdBNP
Lengua de catalogación spa
Centro/agencia transcriptor BNPHU
082 ## - NÚMERO DE LA CLASIFICACIÓN DECIMAL DEWEY
Número de clasificación xxxx
Número de documento/Ítem E43i
100 1# - ENTRADA PRINCIPAL--NOMBRE DE PERSONA
Nombre de persona Elizagaray, Alga Marina
9 (RLIN) 63582
245 10 - MENCIÓN DE TÍTULO
Título Nos interesa todo :
Resto del título antología de materiales teóricos sobre la literatura, la pedagogía y el arte soviéticos para niños y jóvenes /
Mención de responsabilidad, etc. Alga Marina Elizagaray.
260 ## - PUBLICACIÓN, DISTRIBUCIÓN, ETC.
Lugar de publicación, distribución, etc. Cuba :
Nombre del editor, distribuidor, etc. Gente Nueva,
Fecha de publicación, distribución, etc. 1984.
300 ## - DESCRIPCIÓN FÍSICA
Extensión 325 p. ;
Dimensiones 20 cm.
Existencias
Estado de retiro Estado de pérdida Restricciones de uso No para préstamo Código de colección Localización permanente Ubicación/localización actual Ubicación en estantería Fecha de adquisición Número de inventario Total de préstamos Signatura topográfica completa Código de barras Fecha visto por última vez Precio válido a partir de Tipo de ítem Koha
      Excluido de préstamo Monografías: Libros y Folletos General General En catalogación 22.02.2012 LF1   xxxx E43i 37171-10 25.06.2020 25.06.2020 No se presta

Con tecnología Koha